Sociálne siete ako nástroj nizkonákladového marketingu

Nízko nákladový marketing používa lacnejšie internetové nástroje a techniky. Internetová interaktívna komunikácia, on-line reklama, e-commerce a on-line nakupovanie, vzťahový marketing, návštevnosť web stránok, to všetko využíva nízko nákladový marketing. Takýmto nástrojom sú aj sociálne siete. Tie...

Description complète

Enregistré dans:
Détails bibliographiques
Auteur principal: Dzurová, Mária
Autres auteurs: Korčoková, Marína, 1970-
Format: Chapitre de livre
Langue:slovaque
Sujets:
Tags: Ajouter un tag
Pas de tags, Soyez le premier à ajouter un tag!

MARC

LEADER 00000nla a2200000 4500
001 0199261
005 20240502073352.7
041 0 |a slo 
044 |a SK 
245 1 0 |a Sociálne siete ako nástroj nizkonákladového marketingu  |c Mária Dzurová, Marína Korčoková 
520 |a Nízko nákladový marketing používa lacnejšie internetové nástroje a techniky. Internetová interaktívna komunikácia, on-line reklama, e-commerce a on-line nakupovanie, vzťahový marketing, návštevnosť web stránok, to všetko využíva nízko nákladový marketing. Takýmto nástrojom sú aj sociálne siete. Tie umožňujú vytvoriť interaktívne komunikačné platformy so zákazníkmi. Pravidelná komunikácia umožní identifikovať potreby zákazníkov, reagovať na ne a následne meniť prvky marketingového mixu a ťažiť z priameho kontaktu so zákazníkmi. 
610 2 0 |a siete sociálne 
610 2 0 |a znižovanie nákladov 
610 2 0 |a technológie informačné 
610 2 0 |a technológie komunikačné 
610 2 0 |a marketing 
610 2 0 |a marketing mix 
100 1 |a Dzurová, Mária 
700 1 |a Korčoková, Marína, 1970-